| 000 | 04206nkm0a2200613 4500 | ||
|---|---|---|---|
| 001 | RU\NLR\BIBL_A\011793872 | ||
| 005 | 20260409064158.0 | ||
| 020 |
_aRU _b45-422 (вып. 1945, N 1) _9Летопись изоизданий / ВКП. - Москва, 1945. - Вып. 1945, N 1 |
||
| 035 | _a(NLR Aleph) 011793872 | ||
| 071 | 5 | 0 |
_a2806 _d50 к. _97500 |
| 090 |
_a13418440 _c13418440 |
||
| 100 | _a20180917d1944 u y0rusy50 ca | ||
| 101 | 0 | _arus | |
| 102 | _aRU | ||
| 116 | _aiiycxx bf ae | ||
| 135 | _acrcn 024anaba | ||
| 200 | 1 |
_aС Новым годом! _bИзоматериал _eпочтовая карточка _fхуд.: Т.Ф. Белоцветова _gред.: З.Л. Докторов |
|
| 210 |
_aЛенинград _cИскусство _d1944 _gЛТ УН-9 |
||
| 215 |
_a1 л. _cхромолитогр. _d10,4х15 |
||
| 300 | _aЦенз. разрешение: М-05096 | ||
| 300 | _aВ вып. дан.: Зак. 3086 | ||
| 301 | _aИзд. номер: № 2806 | ||
| 316 |
_aЭкз. РНБ на шифре Э ОИр702/155, Эот15669: 10,3х14,5 см _5NLR: Э ОИр702/155 |
||
| 325 | _aКопия доступна в Электрон. б-ке РНБ | ||
| 327 | 0 | _aДевочка, при помощи матери пишущая письмо отцу, портрет которого в военной форме стоит на столе; рядом украшенная новогодняя елка | |
| 606 | 1 |
_aПочтовые открытки маркированные художественные _yСССР _z1941 - 1945 _92592287 _3RU\NLR\AUTH\661531868 |
|
| 606 | 1 |
_aДети _jОткрытки _yСССР _z1941 - 1945 _92259414 _3RU\NLR\AUTH\6601584712 |
|
| 606 | 1 |
_aЖенщины-матери _jОткрытки _92203509 _3RU\NLR\AUTH\6601558648 |
|
| 606 |
_aЖенщины _yСССР _z1941 - 1945 _jОткрытки _3RU\NLR\AUTH\661497102 _92527121 |
||
| 610 | 1 | _aПоздравительные открытки | |
| 610 | 1 | _aНовогодние открытки | |
| 610 | 1 | _aНовогодняя елка | |
| 610 | 1 | _aДевочки | |
| 686 | 1 | _aЩ153(2)7-489 | |
| 700 | 1 |
_4040 _aБелоцветова _bТ. Ф. _f1902-ок.1982 _gТатьяна Федоровна _9198400 _3RU\NLR\AUTH\770198451 |
|
| 702 | 1 |
_4340 _aДокторов _bЗ. Л. _f1906-1948 _gЗусман Львович _9128120 _3RU\NLR\AUTH\770128146 |
|
| 712 | 0 | 2 |
_4650 _a"Искусство", издательство _cМосква _bЛенинградское отделение _3RU\NLR\AUTH\880384788 _9435883 |
| 712 | 0 | 2 |
_4610 _aЛенинградское городское управление издательств и полиграфии _bТипография _c9 _3RU\NLR\AUTH\880358701 _9384845 |
| 830 | _aТ.Ф. Белоцветова: Сражающийся Ленинград. Почтовая открытка = Postcard. Leningrad in strugle : энциклопедический каталог / А.Д. Гдалин, М.Р. Иванова ; [Союз проф. литераторов России и др.]. - Санкт-Петербург : Инфо-Да, 2007. - С. 396. А.Я. ОЭст | ||
| 830 | _aСражающийся Ленинград. Почтовая открытка = Postcard. Leningrad in strugle : энциклопедический каталог / А.Д. Гдалин, М.Р. Иванова ; [Союз проф. литераторов России и др.]. - Санкт-Петербург : Инфо-Да, 2007. - № 550 (с. 106, 213). А.Я. ОЭст | ||
| 852 | 0 | 0 |
_aNLR _bЭ _jОИр702,1-3/1944-Б _mЭот99530 |
| 852 | 0 | 0 |
_aNLR _bЭ _jОИр702/155 _mЭот15669 |
| 856 | 0 | _uhttp://vivaldi.nlr.ru/lo000071852/view | |
| 856 | 1 | _uhttp://vivaldi.nlr.ru/lo000071852/cover | |
| 856 | 2 | _uhttp://vivaldi.nlr.ru/lo000071852/text | |
| 942 | _cVISUAL | ||
| 945 | _aРоссийская национальная библиотека | ||
| 980 | _aNB | ||
| 980 | _aBV | ||
| 981 | 1 | 7 |
_a(17) Изографические материалы _b(17) Открытки |